| Поле | Инд. | ПП | Название | Значение |
|---|---|---|---|---|
| Тип записи | a | |||
| Библиографический уровень | m | |||
| 001 | Контрольный номер | 6ed0fa9c-5522-11db-855a-00c0262f1595 | ||
| 005 | Дата корректировки | 20180409143545.2 | ||
| 008 | Кодируемые данные | 061006 | ||
| 020 | c | Цена, тираж | б/ц | |
| 040 | a | Служба первич. каталог. | НБ ТвГУ | |
| 041 | a | Код языка текста | rus | |
| 080 | a | Индекс УДК | 81'27(043.3) | |
| a | Индекс УДК | 811.112.2'276.5:355.11(043.3)(043.3) | ||
| 084 | a | Индекс другой классификации/Индекс ББК | Ш100.12я031 | |
| a | Индекс другой классификации/Индекс ББК | Ш143.24-57я031 | ||
| 090 | a | Полочн. индекс | Ш100.12 | |
| x | Авторский знак | Г24 | ||
| 100 | 1_ | a | Автор | Гафарова Асия Султановна |
| 245 | 10 | a | Заглавие | Речевой портрет: социолингвистические характеристики |
| b | Продолж. заглавия | автореф. дис. ... канд. филол. наук : 10.02.19 | ||
| 260 | 1_ | a | Место издания | Тверь |
| c | Дата издания | 2006 | ||
| 300 | a | Объем | 19 с., включ. обл. | |
| 500 | a | Примечание | На правах рукоп. | |
| 504 | a | Библиография | Библиогр. в конце кн. | |
| 583 | a | Действие | Получение впервые 11 31.01.2007 | |
| 650 | a | Основная рубрика | Языкознание | |
| 650 | a | Основная рубрика | Социолингвистика | |
| 650 | a | Основная рубрика | Немецкий язык | |
| x | Основная подрубрика | Речь | ||
| x | Основная подрубрика | Социальные диалекты | ||
| x | Основная подрубрика | Язык солдат | ||
| 653 | a | Ключевые слова | Авторефераты | |
| a | Ключевые слова | Диалектология немецкого языка | ||
| a | Ключевые слова | Немецкий язык | ||
| a | Ключевые слова | Речевой портрет | ||
| a | Ключевые слова | Речь | ||
| a | Ключевые слова | Солдатский сленг | ||
| a | Ключевые слова | Социальные диалекты | ||
| a | Ключевые слова | Социолингвистика | ||
| a | Ключевые слова | Языкознание | ||
| 852 | t | Порядковый номер экземпляра | 2 | |
| p | Инвентарный номер | б/н | ||
| 856 | u | URL | http://eprints.tversu.ru/1773/ | |
| x | Примечание для ЭОР | Реестр суммарного учета сетевых локальных документов | ||
| 888 | a | Бесплатные | ||
| 930 | a | Новая/Ретро | авторефераты | |
| a | Новая/Ретро | полный текст | ||
| 952 | p | 11.2007 б/ц 2 б/н | ||
| c | Вид литературы | А/Р н | ||
| 954 | a | Дата поступления на обработку | 20061108 | |
| 999 | a | Подразделение 2 | ч.з. |